| 000 | 01151cam a2200349 a 4500 | ||
|---|---|---|---|
| 001 | 11937256 | ||
| 003 | OSt | ||
| 005 | 20140407104352.0 | ||
| 008 | 000310s2000 nyua b 000 1 eng | ||
| 010 | _a 00035013 | ||
| 020 | _a0439375894 | ||
| 040 |
_aDLC _cDLC |
||
| 042 | _alcac | ||
| 050 | 0 | 0 |
_aPZ 7 _b.N13355De 2002 |
| 100 | 1 |
_aNagda, Ann Whitehead, _d1945- _927819 |
|
| 245 | 1 | 0 |
_aDear Whiskers / _cAnn Whitehead Nagda ; illustrated by Stephanie Roth. |
| 250 | _a1st ed. | ||
| 260 |
_aNew York : _bScholastics _c2002. |
||
| 300 |
_a75 p. : _bill. ; _c22 cm. |
||
| 521 | _aG2 | ||
| 526 | _c400 | ||
| 650 | 1 |
_aSchools _vFiction. _927820 |
|
| 650 | 1 |
_aLetters _vFiction. _927821 |
|
| 650 | 1 |
_aEnglish language _vFiction. _927822 |
|
| 650 | 1 |
_aImmigrants _vFiction. _927823 |
|
| 650 | 1 |
_aFriendship _vFiction. _927824 |
|
| 700 | 1 |
_aSisson, Stéphanie Roth, _eill. _927825 |
|
| 906 |
_a7 _bcbc _corignew _d1 _eocip _f20 _gy-gencatlg |
||
| 942 |
_2lcc _cBK |
||
| 999 |
_c47394 _d47394 |
||